[Event "Djerba op-A"]
[Site "Djerba"]
[Date "2025.02.20"]
[Round "5"]
[White "Hallal, Tarik"]
[Black "Amdouni, Zoubaier"]
[Result "1-0"]
[WhiteElo "2083"]
[BlackElo "2229"]
[PlyCount "121"]
[EventDate "2025.02.16"]
[EventType "swiss"]
[EventRounds "9"]
[EventCountry "TUN"]
[SourceTitle "CB09_2025"]
[SourceDate "2025.02.27"]
[SourceVersion "1"]
[SourceVersionDate "2025.02.27"]
[SourceQuality "1"]

1. e4 c5 2. Nf3 Nc6 3. d4 cxd4 4. Nxd4 g6 5. Nc3 Bg7 6. Be3 Nf6 7. Bc4 0-0 8. Bb3 Re8 9. Nxc6 dxc6 10. Qe2 e5 11. 0-0 Qe7 12. f3 Be6 13. Nd1 Nd7 14. Bxe6 Qxe6 15. b3 Qe7 16. Nb2 Nf8 17. Qf2 Ne6 18. a4 b6 19. a5 Nd4 20. f4 c5 21. Bxd4 exd4 22. e5 b5 23. Qf3 f6 24. Qd5+ Qe6 25. Qxc5 fxe5 26. Qxb5 e4 27. Rae1 Rac8 28. Nc4 Re7 29. f5 gxf5 30. Rxf5 a6 31. Qd5 Qxd5 32. Rxd5 Rf8 33. Nd6 Rd7 34. Rxe4 Rfd8 35. Re6 h6 36. Kf2 Bf8 37. Re8 Kh7 38. Rxd8 Rxd8 39. Ne4 Rc8 40. Rxd4 Rxc2+ 41. Rd2 Rc1 42. Rd7+ Kg6 43. Rb7 Ra1 44. Rb6+ Kf5 45. Ng3+ Ke5 46. Rxa6 Rb1 47. Ra8 Bc5+ 48. Kf3 Rxb3+ 49. Kg4 Rb4+ 50. Kh5 Rb2 51. Re8+ Kf6 52. Rg8 Kf7 53. Rc8 Be7 54. a6 Ra2 55. Nf5 Ra5 56. g4 Bf8 57. Rc7+ Kf6 58. a7 Bb4 59. Rb7 Bd2 60. h4 Be3 61. a8Q 1-0

[Event "Djerba op-A"]
[Site "Djerba"]
[Date "2025.02.18"]
[Round "3"]
[White "Hallal, Tarik"]
[Black "Loeffler, Markus"]
[Result "1-0"]
[WhiteElo "2083"]
[BlackElo "2232"]
[PlyCount "57"]
[EventDate "2025.02.16"]
[EventType "swiss"]
[EventRounds "9"]
[EventCountry "TUN"]
[SourceTitle "CB09_2025"]
[SourceDate "2025.02.27"]
[SourceVersion "1"]
[SourceVersionDate "2025.02.27"]
[SourceQuality "1"]

1. e4 c5 2. Nf3 d6 3. d4 cxd4 4. Nxd4 Nf6 5. Nc3 Bd7 6. Be2 Nc6 7. Bg5 Qa5 8. Bxf6 gxf6 9. 0-0 Rc8 10. Nd5 Qd8 11. Bh5 e6 12. Ne3 Nxd4 13. Qxd4 Rc5 14. Be2 a6 15. b4 Rc8 16. Rad1 Be7 17. f4 Qc7 18. c4 Ba4 19. Rd2 b5 20. f5 bxc4 21. fxe6 fxe6 22. Nxc4 Bb5 23. Bh5+ Kd8 24. Nxd6 Qxd6 25. Qb6+ Kd7 26. Rxd6+ Bxd6 27. Rd1 Rc6 28. Qa7+ Kc8 29. Rxd6 1-0

[Event "Africa-ch U20"]
[Site "Bejaia"]
[Date "2022.11.19"]
[Round "9"]
[White "Hallal, Tarik"]
[Black "Emmanuel, Joy Idara"]
[Result "0-1"]
[WhiteElo "1890"]
[BlackElo "2114"]
[PlyCount "23"]
[EventDate "2022.11.13"]
[EventType "swiss"]
[EventRounds "9"]
[EventCountry "ALG"]
[SourceTitle "CBM 211 Extra"]
[Source "ChessBase"]
[SourceDate "2023.01.31"]
[SourceVersion "1"]
[SourceVersionDate "2023.01.31"]
[SourceQuality "1"]

1. e4 c5 2. Nf3 d6 3. d4 cxd4 4. Nxd4 Nf6 5. Nc3 a6 6. Bg5 e6 7. f4 Be7 8. Qf3 Qc7 9. 0-0-0 Nbd7 10. Bd3 h6 11. Bh4 g5 12. fxg5 0-1

[Event "Africa-ch U20"]
[Site "Bejaia"]
[Date "2022.11.16"]
[Round "6"]
[White "Hallal, Tarik"]
[Black "Oluka, Robert Mcligeyo"]
[Result "1/2-1/2"]
[WhiteElo "1890"]
[BlackElo "1786"]
[PlyCount "23"]
[EventDate "2022.11.13"]
[EventType "swiss"]
[EventRounds "9"]
[EventCountry "ALG"]
[SourceTitle "CBM 211 Extra"]
[Source "ChessBase"]
[SourceDate "2023.01.31"]
[SourceVersion "1"]
[SourceVersionDate "2023.01.31"]
[SourceQuality "1"]

1. e4 e5 2. Nf3 Nc6 3. Bc4 Bc5 4. 0-0 Nf6 5. d4 Nxd4 6. Nxe5 0-0 7. Nd3 Bb6 8. e5 Ne4 9. Be3 Ng5 10. c3 Nc6 11. Kh1 Ne6 12. f4 1/2-1/2

[Event "Africa-ch U20"]
[Site "Bejaia"]
[Date "2022.11.13"]
[Round "1"]
[White "Abdellahi, Khaled Abdellahi"]
[Black "Hallal, Tarik"]
[Result "0-1"]
[WhiteElo "1629"]
[BlackElo "1890"]
[PlyCount "52"]
[EventDate "2022.11.13"]
[EventType "swiss"]
[EventRounds "9"]
[EventCountry "ALG"]
[SourceTitle "CBM 211 Extra"]
[Source "ChessBase"]
[SourceDate "2023.01.31"]
[SourceVersion "1"]
[SourceVersionDate "2023.01.31"]
[SourceQuality "1"]

1. d4 Nf6 2. Bf4 d5 3. e3 c5 4. c3 Nc6 5. Nd2 e6 6. Ngf3 Bd6 7. Bg3 Qe7 8. Ne5 0-0 9. Bd3 c4 10. Bb1 Bxe5 11. dxe5 Nd7 12. Qc2 g6 13. f4 f6 14. exf6 Nxf6 15. 0-0 e5 16. e4 Ng4 17. Rf3 exf4 18. Bf2 Nce5 19. Bd4 Nxf3+ 20. Nxf3 Ne3 21. Qe2 dxe4 22. Ne5 Bf5 23. Nxc4 Nxc4 24. Qxc4+ Be6 25. Qe2 Bd5 26. Bd3 Qe6 0-1

[Event "Arab-ch U16"]
[Site "Baghdad"]
[Date "2022.03.12"]
[Round "4"]
[White "Hallal, Tarik"]
[Black "Al Zadjali, Abdul Rahman"]
[Result "0-1"]
[WhiteElo "1991"]
[BlackElo "1769"]
[PlyCount "94"]
[EventDate "2022.03.10"]
[EventType "swiss"]
[EventRounds "9"]
[EventCountry "IRQ"]
[SourceTitle "EXT 2023"]
[Source "ChessBase"]
[SourceDate "2022.10.05"]
[SourceVersion "1"]
[SourceVersionDate "2022.10.05"]
[SourceQuality "1"]

1. e4 c5 2. Nf3 e6 3. d4 cxd4 4. Nxd4 a6 5. Nc3 Qc7 6. Qe2 Nc6 7. Nb3 Nf6 8. Bd2 b5 9. 0-0-0 Be7 10. g4 d6 11. Bg2 Bb7 12. f4 0-0 13. g5 Nd7 14. f5 Nce5 15. fxe6 fxe6 16. Bh3 b4 17. Bxe6+ Kh8 18. Nd5 Bxd5 19. Bxd5 Rf2 20. Qe3 Rc8 21. Nd4 Bxg5 22. Qxg5 Nf3 23. Qxg7+ Kxg7 24. Ne6+ Kg6 25. Nxc7 Rxc7 26. Rhf1 Nde5 27. c3 bxc3 28. Bxc3 Nd3+ 29. Kb1 Rxc3 30. bxc3 Rxf1 31. Rxf1 Nd2+ 32. Kc2 Nxf1 33. Kxd3 Nxh2 34. a4 a5 35. Kc4 Ng4 36. Kb5 h5 37. Kxa5 Kf6 38. Kb6 h4 39. Bc4 Ne3 40. Be2 h3 41. a5 Nc4+ 42. Kb5 Nd2 43. a6 h2 44. Bf3 Nxf3 45. a7 h1Q 46. a8Q Qb1+ 47. Kc4 Ne5+ 0-1

[Event "ALG-chT"]
[Site "Ain Oulmane"]
[Date "2019.11.02"]
[Round "4.1"]
[White "Hallal, Tarik"]
[Black "Benelouzzane, Mourad"]
[Result "0-1"]
[WhiteElo "1614"]
[BlackElo "1939"]
[PlyCount "88"]
[EventDate "2019.11.01"]
[EventType "team-swiss"]
[EventRounds "9"]
[EventCountry "ALG"]
[SourceTitle "EXT 2021"]
[Source "ChessBase"]
[SourceDate "2020.10.23"]
[SourceVersion "1"]
[SourceVersionDate "2020.10.23"]
[SourceQuality "1"]
[WhiteTeam "Seddikia Sporting"]
[BlackTeam "Constantine CEA"]
[WhiteTeamCountry "ALG"]
[BlackTeamCountry "ALG"]

1. d4 Nf6 2. Nc3 d5 3. Bf4 e6 4. Nb5 Na6 5. a4 c6 6. Na3 Bd6 7. Bxd6 Qxd6 8. c3 0-0 9. Nf3 Nd7 10. e3 e5 11. dxe5 Nxe5 12. Nxe5 Qxe5 13. Bd3 Nc5 14. Bc2 Qg5 15. Qf3 Be6 16. 0-0 f5 17. g3 Ne4 18. Qg2 Rae8 19. f4 Qe7 20. h3 Qc5 21. Rf3 Rf6 22. Kh2 g5 23. g4 fxg4 24. hxg4 gxf4 25. g5 Rg6 26. exf4 Bf5 27. c4 h6 28. cxd5 hxg5 29. fxg5 Rxg5 30. Qxg5+ Nxg5 31. Rxf5 Qd6+ 32. Kg2 Re2+ 33. Kf1 Re5 34. Rf2 Qxd5 35. Rg2 Kf7 36. Rd1 Qe6 37. Rf2+ Ke7 38. Rd3 Re1+ 39. Kg2 Ne4 40. Rf4 Qg6+ 41. Kh2 Qh5+ 42. Rh3 Re2+ 43. Kg1 Qg5+ 44. Kf1 Qg2# 0-1

[Event "ALG-ch"]
[Site "Tiaret"]
[Date "2019.08.04"]
[Round "7"]
[White "Ghafoul, Zakaria Abdelrahman"]
[Black "Hallal, Tarik"]
[Result "1-0"]
[WhiteElo "1887"]
[BlackElo "1552"]
[PlyCount "75"]
[EventDate "2019.08.01"]
[EventType "swiss"]
[EventRounds "9"]
[EventCountry "ALG"]
[SourceTitle "EXT 2020"]
[Source "ChessBase"]
[SourceDate "2019.10.17"]
[SourceVersion "1"]
[SourceVersionDate "2019.10.17"]
[SourceQuality "1"]

1. e4 c5 2. Nf3 d6 3. c4 Nc6 4. d4 cxd4 5. Nxd4 Nf6 6. Nc3 a6 7. Be2 e6 8. Be3 Qc7 9. Rc1 Bd7 10. 0-0 Be7 11. Kh1 0-0 12. f3 h6 13. b3 Nh7 14. Qd2 Nxd4 15. Bxd4 Bf6 16. Be3 Bxc3 17. Rxc3 Bc6 18. Rd3 Nf6 19. Rxd6 Bxe4 20. Bf4 Qe7 21. fxe4 Nxe4 22. Qd4 Nxd6 23. Bxd6 Rfd8 24. c5 Qg5 25. h4 Qg6 26. Bd3 f5 27. Bc4 Re8 28. Rf3 Qh5 29. Rg3 g5 30. Qf6 f4 31. Qxf4 Rad8 32. Qe4 Qf7 33. hxg5 h5 34. Rf3 Qd7 35. Rf6 Re7 36. Bxe6+ Rxe6 37. Qxe6+ Qxe6 38. Rxe6 1-0

[Event "ALG-ch U20"]
[Site "Tiaret"]
[Date "2019.06.26"]
[Round "1"]
[White "Hallal, Tarik"]
[Black "Djabri, Massinas"]
[Result "1/2-1/2"]
[WhiteElo "1393"]
[BlackElo "2102"]
[PlyCount "100"]
[EventDate "2019.06.26"]
[EventType "swiss"]
[EventRounds "9"]
[EventCountry "ALG"]
[SourceTitle "EXT 2020"]
[Source "ChessBase"]
[SourceDate "2019.10.17"]
[SourceVersion "1"]
[SourceVersionDate "2019.10.17"]
[SourceQuality "1"]

1. d4 Nf6 2. Nc3 d5 3. Bf4 Bf5 4. e3 e6 5. Bd3 Bd6 6. Nge2 0-0 7. Bxf5 exf5 8. Qd3 Bxf4 9. exf4 Qd7 10. 0-0 Nc6 11. a3 Ne7 12. Ng3 Ne4 13. f3 Nd6 14. Nd1 Ng6 15. Ne2 Rfe8 16. g3 Re7 17. b3 Rae8 18. Ndc3 Re3 19. Qd2 Nb5 20. Rfe1 Nf8 21. a4 Nxc3 22. Nxc3 R3e6 23. Re5 Rxe5 24. fxe5 Ne6 25. Ne2 g5 26. c4 c6 27. Rd1 h6 28. Kf2 Kg7 29. Rh1 Rd8 30. h4 b6 31. hxg5 hxg5 32. Rh5 Rh8 33. g4 Rxh5 34. gxh5 Kh6 35. Ng3 Ng7 36. f4 Qe7 37. Ke3 gxf4+ 38. Kf3 Qg5 39. Qxf4 Qxf4+ 40. Kxf4 Ne6+ 41. Kxf5 Nxd4+ 42. Kf6 Nf3 43. Kxf7 dxc4 44. e6 Ng5+ 45. Kf6 Nxe6 46. Kxe6 cxb3 47. Ne4 a5 48. Nc3 b5 49. axb5 cxb5 50. Nxb5 Kxh5 1/2-1/2